| 000 | 01064cam a22003131 4500 | ||
|---|---|---|---|
| 001 | 9342369 | ||
| 003 | NUST-PNEC | ||
| 005 | 20170116180722.0 | ||
| 008 | 720420s1958 nyua bf 000 0 eng | ||
| 010 | _a 57008620 | ||
| 015 | _aGB58-17487 | ||
| 020 | _a0070115362 | ||
| 035 | _a(OCoLC)289572 | ||
| 040 |
_aDLC _cPNEC |
||
| 042 | _apremarc | ||
| 050 | 0 | 0 |
_aTK7825 _b.C6 |
| 082 | _a621.38 COC | ||
| 100 | 1 |
_aCockrell, William D., _eed. |
|
| 245 | 1 | 0 |
_aIndustrial electronics handbook / _cWilliam D. Cockrell |
| 250 | _a1st ed. | ||
| 260 |
_aNew York, _bMcGraw-Hill, _c1958. |
||
| 300 |
_a1 v. (various pagings) _bill, diagrs., tables. _c24 cm. |
||
| 490 | 0 | _aMcGraw-Hill handbooks | |
| 500 | _ahttp://www.amazon.com/Industrial-Electronics-Handbook-William-Cockrell/dp/0070115362/ref=sr_1_1?s=books&ie=UTF8&qid=1414400032&sr=1-1&keywords=INDUSTRIAL+ELECTRONICS+HANDBOOK+1958 | ||
| 504 | _aIncludes bibliographies. | ||
| 650 | 0 |
_aElectronics _vHandbooks, manuals, etc. _xEL |
|
| 906 |
_a7 _bcbc _coclcrpl _du _encip _f19 _gy-gencatlg |
||
| 942 |
_2ddc _cBK |
||
| 999 |
_c61426 _d61426 |
||